| 000 | 00506nam a2200205Ia 4500 | ||
|---|---|---|---|
| 008 | 180523s9999 xx 000 0 und d | ||
| 020 | _a81-88339-22-3 | ||
| 050 | _aMAIN HD 49 | ||
| 050 | _b.M38 2004 | ||
| 100 | _aMathur, U.C. | ||
| 245 | 0 | _aManagement overdrive : | |
| 245 | 0 | _bfor the super successful manager / | |
| 245 | 0 | _cU.C. Mathur. | |
| 260 | _aNew Delhi : | ||
| 260 | _bKrantz Pub., | ||
| 260 | _c2004 | ||
| 300 | _a158 pages : | ||
| 300 | _c21 cm. | ||
| 650 | _aCrisis management. | ||
| 999 |
_c356888 _d356888 |
||